000 00423nam a2200157 i 4500
001 135331
003 ES-MaACL
005 20230906194847.0
007 t|
008 070716s1906 it ||||1| ita d
100 1 _aTonnini, Silvio.
_9110580
245 1 0 _aPsicologia della civilta egizia /
_cS. Tonnini.
260 _aTorino :
_b[Vincenzo Bona],
_c1906.
300 _aXVI, 504 p. ;
_c21 cm.
852 _aES-MaACL
_jF-5011
999 _c135331
_d135331